Paramount Leaders of the PRC - Statistics

General Stats
  • This quiz has been taken 41 times
  • The average score is 5 of 6
Answer Stats
Tenure Answer % Correct
1949-1976 Mao Zedong
100%
2012-Present Xi Jinping
95%
1978-1989 Deng Xiaoping
85%
1989-2002 Jiang Zemin
77%
2002-2012 Hu Jintao
74%
1976-1978 Hua Guofeng
69%
No matching quizzes found
Score Distribution
Percent of People with Each Score
Percentile by Number Answered
Your Score History
You have not taken this quiz